[Event "Julius Baer WSCC Blitz"]
[Site "Chess.com INT"]
[Date "2024.08.23"]
[Round "1.13"]
[White "Tan, Zhongyi"]
[Black "Shuvalova, Polina"]
[Result "1/2-1/2"]
[WhiteElo "2545"]
[BlackElo "2487"]
[PlyCount "131"]
[EventDate "2024.08.22"]
[EventType "k.o. (blitz)"]
[EventRounds "16"]
[EventCountry "GER"]
[SourceTitle "CBM 221 Extra"]
[Source "ChessBase"]
[SourceDate "2024.09.30"]
[SourceVersion "1"]
[SourceVersionDate "2024.09.30"]
[SourceQuality "1"]

1. e4 e5 2. Nf3 Nc6 3. Bb5 a6 4. Ba4 Nf6 5. 0-0 Be7 6. Re1 b5 7. Bb3 0-0 8. c3 d5 9. exd5 Nxd5 10. Nxe5 Nxe5 11. Rxe5 c6 12. d3 Bd6 13. Re1 Bf5 14. Nd2 Bxd3 15. Nf3 Bg6 16. Bxd5 cxd5 17. Be3 Re8 18. Qd2 Be4 19. Nd4 Qh4 20. g3 Qh3 21. f3 Bg6 22. Qg2 Qd7 23. Qf2 Rab8 24. Rad1 h6 25. Nb3 Qc6 26. Ba7 Rbc8 27. Rxe8+ Rxe8 28. Bd4 Qc4 29. Re1 Rxe1+ 30. Qxe1 Qd3 31. Be3 Be5 32. Kf2 Bf6 33. Qd2 Qc4 34. Bd4 Bg5 35. Be3 Bf6 36. Qd1 Qa4 37. a3 Qc4 38. Nd4 Bxd4 39. Bxd4 Qd3 40. Qe1 Qc2+ 41. Kg1 Qb1 42. Qxb1 Bxb1 43. Kf2 a5 44. Ke3 a4 45. Kf4 Ba2 46. Ke5 Bc4 47. Kd6 Kf8 48. f4 f6 49. g4 Kf7 50. h4 Bb3 51. h5 Bc4 52. Be3 Bb3 53. Kc5 Bc4 54. Bd2 Ke6 55. f5+ Kf7 56. Bf4 Ke7 57. Bd6+ Kf7 58. Kc6 Ke8 59. Bc5 Kf7 60. Kd6 Bb3 61. Kd7 Bc4 62. Bd4 Bb3 63. Kd6 Bc4 64. Kd7 Bb3 65. Kd6 Bc4 66. Kd7 1/2-1/2

[Event "Belt and Road Shaoxing 6th"]
[Site "Shaoxing"]
[Date "2024.08.02"]
[Round "9"]
[White "Tan, Zhongyi"]
[Black "Shuvalova, Polina"]
[Result "1-0"]
[WhiteElo "2545"]
[BlackElo "2483"]
[PlyCount "79"]
[EventDate "2024.07.24"]
[EventType "swiss"]
[EventRounds "9"]
[EventCountry "CHN"]
[SourceTitle "EXT 2025"]
[Source "ChessBase"]
[SourceDate "2024.10.14"]
[SourceVersion "1"]
[SourceVersionDate "2024.10.14"]
[SourceQuality "1"]

1. d4 Nf6 2. Nc3 d5 3. Bf4 a6 4. e3 h6 5. h4 e6 6. g4 Bb4 7. Bg2 g6 8. Qf3 Nxg4 9. Nge2 h5 10. 0-0-0 Bd7 11. e4 c6 12. Qg3 a5 13. Bc7 Qc8 14. Na4 Na6 15. Be5 Nxe5 16. Qxe5 Rf8 17. Nb6 Qb8 18. exd5 Qxe5 19. dxe5 exd5 20. Nxa8 Bc5 21. Nc3 Ke7 22. Bxd5 Rxa8 23. Bxf7 Bg4 24. Bxg6 Bxd1 25. Nxd1 Rf8 26. Bxh5 Ke6 27. Bg6 Nb4 28. h5 Kxe5 29. h6 Kf6 30. h7 Rh8 31. Be4 Nxa2+ 32. Kd2 Nb4 33. Ne3 Na6 34. Rg1 Kf7 35. Ng4 Bd4 36. Nh6+ Ke6 37. c3 Be5 38. Rg8 Nc5 39. Bf5+ Ke7 40. Ng4 1-0

[Event "Belt and Road Shaoxing 6th"]
[Site "Shaoxing"]
[Date "2024.08.01"]
[Round "8"]
[White "Wagner, Dinara"]
[Black "Tan, Zhongyi"]
[Result "1/2-1/2"]
[WhiteElo "2452"]
[BlackElo "2545"]
[PlyCount "205"]
[EventDate "2024.07.24"]
[EventType "swiss"]
[EventRounds "9"]
[EventCountry "CHN"]
[SourceTitle "EXT 2025"]
[Source "ChessBase"]
[SourceDate "2024.10.14"]
[SourceVersion "1"]
[SourceVersionDate "2024.10.14"]
[SourceQuality "1"]

1. d4 Nf6 2. c4 e6 3. Nf3 a6 4. Nc3 d5 5. cxd5 exd5 6. Bg5 Be6 7. e3 h6 8. Bf4 c5 9. Bxb8 Rxb8 10. dxc5 Bxc5 11. Bd3 0-0 12. 0-0 g6 13. Ne2 Bd6 14. Nfd4 Bd7 15. Qb3 Qa5 16. Nc3 Rfe8 17. a3 Kg7 18. Rad1 Qc7 19. g3 Rbd8 20. Be2 Bh3 21. Rfe1 Bc5 22. Bf1 Bc8 23. Bg2 Qe5 24. Nce2 h5 25. Qc3 Bd6 26. Nf3 Qe7 27. Nf4 Kg8 28. Qb3 Bg4 29. Rd2 h4 30. Rd4 Bc5 31. Nxd5 Rxd5 32. Rxg4 hxg3 33. hxg3 Red8 34. Rc4 b5 35. Rcc1 Ne4 36. Qc2 Re8 37. Rcd1 Rh5 38. Rd3 Rf5 39. Re2 Bd6 40. Rd1 Rc5 41. Qd3 Bb8 42. Nd4 Qe5 43. Rc2 Rxc2 44. Qxc2 Nf6 45. Nc6 Qh5 46. Nxb8 Rxb8 47. Rd6 Ng4 48. Rxa6 Rd8 49. Rc6 Kg7 50. Rc8 Rd6 51. Rc6 Rd8 52. Qe2 Qh2+ 53. Kf1 Ne5 54. Rc1 Rd6 55. Qxb5 Ng4 56. Qe2 Qh5 57. Bf3 Rf6 58. Ke1 Qa5+ 59. Rc3 Ne5 60. Be4 Qa4 61. Qc2 Qd7 62. Rc7 Qg4 63. Rc3 Qh3 64. Qe2 Qh2 65. f4 Qxg3+ 66. Qf2 Qg4 67. Rc5 Rd6 68. Rc1 Nc4 69. Bf3 Qe6 70. Rc3 Rd2 71. Be2 Nd6 72. f5 Qd5 73. f6+ Kg8 74. Qf3 Qxf3 75. Bxf3 Rxb2 76. Bd5 g5 77. Rc6 Nf5 78. Rc8+ Kh7 79. Bxf7 Nd6 80. Bg8+ Kg6 81. Rc6 Nf7 82. Rc7 Nh6 83. f7 Kg7 84. a4 g4 85. Rc5 Nxf7 86. Bxf7 Kxf7 87. Rg5 Rb4 88. a5 Kf6 89. Rc5 Rb2 90. Kf1 Ra2 91. Rb5 Ke6 92. Rg5 Kf6 93. Rb5 Ke6 94. Kg1 Kf6 95. e4 Ke6 96. Rc5 Kf6 97. Rh5 Kg6 98. Rf5 Ra4 99. Re5 Kf6 100. Rf5+ Ke6 101. Rg5 Rxe4 102. a6 Ra4 103. a7 1/2-1/2

[Event "Belt and Road Shaoxing 6th"]
[Site "Shaoxing"]
[Date "2024.07.30"]
[Round "7"]
[White "Tan, Zhongyi"]
[Black "Guo, Qi"]
[Result "1-0"]
[WhiteElo "2545"]
[BlackElo "2362"]
[PlyCount "115"]
[EventDate "2024.07.24"]
[EventType "swiss"]
[EventRounds "9"]
[EventCountry "CHN"]
[SourceTitle "EXT 2025"]
[Source "ChessBase"]
[SourceDate "2024.10.14"]
[SourceVersion "1"]
[SourceVersionDate "2024.10.14"]
[SourceQuality "1"]

1. e4 e6 2. d4 d5 3. Nc3 Nf6 4. Bg5 dxe4 5. Nxe4 Be7 6. Bxf6 gxf6 7. Nc3 c6 8. g3 Nd7 9. Bg2 Nb6 10. Nge2 Nd5 11. 0-0 Nxc3 12. bxc3 0-0 13. Nf4 Kh8 14. Qh5 Bd6 15. Nd3 f5 16. Ne5 Kg7 17. Rfe1 f6 18. Nd3 Qe7 19. Re3 Qf7 20. Qh4 Qg6 21. Nf4 Qg5 22. Nxe6+ Bxe6 23. Rxe6 Qxh4 24. gxh4 Rad8 25. Rb1 Rf7 26. Bh3 f4 27. Kg2 f3+ 28. Kxf3 Bxh2 29. Bf5 c5 30. Rh1 Bc7 31. Rg1+ Kh6 32. Ke4 Ba5 33. Rg3 cxd4 34. cxd4 Be1 35. Rf3 Kg7 36. Kd3 Bb4 37. Rg3+ Kf8 38. c3 Ba3 39. h5 Bc1 40. Rg4 Rd5 41. Ke4 Ra5 42. Rg1 Bd2 43. Rd6 Re7+ 44. Be6 Rg5 45. Rxg5 fxg5 46. c4 Bf4 47. Rd8+ Re8 48. Rxe8+ Kxe8 49. h6 Bc1 50. f3 b6 51. Bf5 g4 52. fxg4 Bxh6 53. Bxh7 Ke7 54. Kd5 Be3 55. Bf5 a5 56. a4 Kd8 57. c5 bxc5 58. dxc5 1-0

[Event "Belt and Road Shaoxing 6th"]
[Site "Shaoxing"]
[Date "2024.07.29"]
[Round "6"]
[White "Badelka, Olga"]
[Black "Tan, Zhongyi"]
[Result "1-0"]
[WhiteElo "2398"]
[BlackElo "2545"]
[PlyCount "93"]
[EventDate "2024.07.24"]
[EventType "swiss"]
[EventRounds "9"]
[EventCountry "CHN"]
[SourceTitle "CBM 221 Extra"]
[Source "ChessBase"]
[SourceDate "2024.09.30"]
[SourceVersion "1"]
[SourceVersionDate "2024.09.30"]
[SourceQuality "1"]

1. Nf3 Nf6 2. g3 b5 3. Bg2 Bb7 4. d4 e6 5. a4 b4 6. c4 bxc3 7. Nxc3 Be7 8. 0-0 0-0 9. a5 Na6 10. Bf4 c5 11. dxc5 Nxc5 12. b4 Nce4 13. Nxe4 Bxe4 14. b5 Nd5 15. Qd4 f5 16. Be5 Bb4 17. Qb2 Rf7 18. Qa2 Rc8 19. Bd4 d6 20. a6 Rc2 21. Qb3 Rxe2 22. b6 axb6 23. Rfc1 Bc5 24. Qd1 Bxf3 25. Bxf3 Re5 26. Bxe5 dxe5 27. a7 Qa8 28. Bxd5 exd5 29. Qb3 Rxa7 30. Rxa7 Qxa7 31. Qxd5+ Qf7 32. Qxe5 h5 33. Rd1 Kh7 34. Rd5 Kg6 35. Kg2 Qf6 36. Qe8+ Kh6 37. Qh8+ Kg6 38. Qe8+ Kh6 39. Re5 g6 40. Re6 Qg7 41. h4 Kh7 42. Rc6 Kh6 43. Qd8 Qe7 44. Qh8+ Qh7 45. Qb8 Qf7 46. Qf4+ Kg7 47. Rc7 1-0

[Event "Belt and Road Shaoxing 6th"]
[Site "Shaoxing"]
[Date "2024.07.28"]
[Round "5"]
[White "Tan, Zhongyi"]
[Black "Lu, Miaoyi"]
[Result "1-0"]
[WhiteElo "2545"]
[BlackElo "2449"]
[PlyCount "87"]
[EventDate "2024.07.24"]
[EventType "swiss"]
[EventRounds "9"]
[EventCountry "CHN"]
[SourceTitle "CBM 221 Extra"]
[Source "ChessBase"]
[SourceDate "2024.09.30"]
[SourceVersion "1"]
[SourceVersionDate "2024.09.30"]
[SourceQuality "1"]

1. e4 e5 2. Nf3 Nc6 3. d4 exd4 4. Nxd4 Bc5 5. Nb3 Bb6 6. Nc3 Qf6 7. Qe2 Nge7 8. h4 d6 9. Bg5 Qg6 10. a4 f6 11. Bd2 Be6 12. Nd5 Bxd5 13. exd5 Qxc2 14. dxc6 Qxb3 15. cxb7 Rb8 16. a5 Bd4 17. a6 Qxb2 18. Ra4 Qb1+ 19. Qd1 Qb6 20. Rb4 Bxf2+ 21. Ke2 Qc5 22. Qa4+ c6 23. Rc4 Qd5 24. Kxf2 Qxd2+ 25. Be2 0-0 26. Rd1 Qb2 27. Rb4 Qe5 28. Re4 Qc5+ 29. Qd4 Qxd4+ 30. Rdxd4 Nf5 31. Rd2 Rfd8 32. Bg4 d5 33. Re6 Nd6 34. Rc2 f5 35. Rxc6 Ne4+ 36. Rxe4 fxe4 37. Rc8 Rf8+ 38. Ke3 Kf7 39. Kd4 e3 40. Kxe3 Ke7 41. Rxf8 Kxf8 42. Kd4 Ke7 43. Kxd5 h5 44. Bh3 1-0

[Event "Belt and Road Shaoxing 6th"]
[Site "Shaoxing"]
[Date "2024.07.27"]
[Round "4"]
[White "Kurmangaliyeva, Liya"]
[Black "Tan, Zhongyi"]
[Result "0-1"]
[WhiteElo "2230"]
[BlackElo "2545"]
[PlyCount "100"]
[EventDate "2024.07.24"]
[EventType "swiss"]
[EventRounds "9"]
[EventCountry "CHN"]
[SourceTitle "CBM 221 Extra"]
[Source "ChessBase"]
[SourceDate "2024.09.30"]
[SourceVersion "1"]
[SourceVersionDate "2024.09.30"]
[SourceQuality "1"]

1. e4 c5 2. Nf3 d6 3. Bb5+ Nd7 4. d4 cxd4 5. Nxd4 Ngf6 6. 0-0 g6 7. Re1 Bg7 8. Bf1 Nc5 9. b4 Ne6 10. Bb2 0-0 11. c4 Qb6 12. Qd2 Ng4 13. Nb5 a6 14. Bxg7 Kxg7 15. Qb2+ f6 16. N5c3 a5 17. b5 Qd4 18. h3 Ne5 19. Rd1 Qc5 20. Nd5 Rf7 21. Nbc3 a4 22. Rac1 g5 23. Ne2 Kh8 24. Qd2 Ng6 25. Ng3 Nh4 26. Be2 Ng7 27. e5 Bf5 28. exf6 exf6 29. Qc3 Raf8 30. Bh5 Nxh5 31. Nxh5 Ng6 32. Nhxf6 Ne5 33. Qg3 b6 34. Kh1 Rxf6 35. Nxf6 Rxf6 36. Qxg5 Nd7 37. Re1 Be6 38. Qh4 Kg7 39. Rcd1 Ne5 40. Rd4 Ng6 41. Qe4 Rf4 42. Qb7+ Rf7 43. Qe4 Rxf2 44. Red1 Qe5 45. Qb7+ Kh6 46. Re4 Qh5 47. Kg1 Rxa2 48. Rxd6 Bxh3 49. Rxg6+ hxg6 50. Qxb6 Rxg2+ 0-1

[Event "Belt and Road Shaoxing 6th"]
[Site "Shaoxing"]
[Date "2024.07.26"]
[Round "3"]
[White "Tan, Zhongyi"]
[Black "Zhai, Mo"]
[Result "1-0"]
[WhiteElo "2545"]
[BlackElo "2359"]
[PlyCount "69"]
[EventDate "2024.07.24"]
[EventType "swiss"]
[EventRounds "9"]
[EventCountry "CHN"]
[SourceTitle "CBM 221 Extra"]
[Source "ChessBase"]
[SourceDate "2024.09.30"]
[SourceVersion "1"]
[SourceVersionDate "2024.09.30"]
[SourceQuality "1"]

1. e4 e5 2. Nf3 Nc6 3. Bb5 Nf6 4. d3 Bc5 5. Bxc6 dxc6 6. Nbd2 Nd7 7. 0-0 0-0 8. Nc4 Re8 9. a4 a5 10. Kh1 b6 11. Be3 Bf8 12. b3 Ba6 13. Nfd2 Nc5 14. Qh5 g6 15. Qh3 Qe7 16. Bh6 f6 17. f4 exf4 18. Rxf4 Bxh6 19. Qxh6 Ne6 20. Rf2 Qg7 21. Qh3 Bxc4 22. bxc4 Re7 23. Raf1 Rf8 24. g4 Ref7 25. Nf3 Nc5 26. Qh4 Nxa4 27. Nd4 Re8 28. Nxc6 Rff8 29. e5 g5 30. Qh5 fxe5 31. Rf5 h6 32. Nxe5 Rxf5 33. Qxe8+ Rf8 34. Rxf8+ Qxf8 35. Qe6+ 1-0

[Event "Belt and Road Shaoxing 6th"]
[Site "Shaoxing"]
[Date "2024.07.25"]
[Round "2"]
[White "Velpula, Sarayu"]
[Black "Tan, Zhongyi"]
[Result "1/2-1/2"]
[WhiteElo "2384"]
[BlackElo "2545"]
[PlyCount "60"]
[EventDate "2024.07.24"]
[EventType "swiss"]
[EventRounds "9"]
[EventCountry "CHN"]
[SourceTitle "CBM 221 Extra"]
[Source "ChessBase"]
[SourceDate "2024.09.30"]
[SourceVersion "1"]
[SourceVersionDate "2024.09.30"]
[SourceQuality "1"]

1. e4 e5 2. Nf3 Nc6 3. Bb5 a6 4. Ba4 Nf6 5. 0-0 Be7 6. Re1 b5 7. Bb3 0-0 8. a4 Na5 9. axb5 Nxb3 10. cxb3 Bb7 11. bxa6 d5 12. d4 dxe4 13. Nxe5 Rxa6 14. Rxa6 Bxa6 15. Nc6 Qd7 16. Nxe7+ Qxe7 17. Bg5 h6 18. Bxf6 Qxf6 19. Nc3 Bd3 20. Nxe4 Qxd4 21. Nc5 Qxc5 22. Qxd3 Rb8 23. g3 g6 24. Qe3 Qb4 25. Rc1 Qxb3 26. Qxh6 Qxb2 27. Rxc7 Qa1+ 28. Rc1 Rb1 29. Rxb1 Qxb1+ 30. Kg2 Qe4+ 1/2-1/2

[Event "Belt and Road Shaoxing 6th"]
[Site "Shaoxing"]
[Date "2024.07.24"]
[Round "1"]
[White "Tan, Zhongyi"]
[Black "Chen, Yining"]
[Result "1-0"]
[WhiteElo "2545"]
[BlackElo "2300"]
[PlyCount "67"]
[EventDate "2024.07.24"]
[EventType "swiss"]
[EventRounds "9"]
[EventCountry "CHN"]
[SourceTitle "CBM 221 Extra"]
[Source "ChessBase"]
[SourceDate "2024.09.30"]
[SourceVersion "1"]
[SourceVersionDate "2024.09.30"]
[SourceQuality "1"]

1. Nf3 d5 2. c4 c6 3. g3 Bg4 4. Ne5 Bf5 5. Qb3 Qb6 6. cxd5 Qxb3 7. axb3 Bxb1 8. Rxb1 cxd5 9. d4 e6 10. e3 Bd6 11. Nd3 Nf6 12. f3 Nc6 13. Bd2 0-0 14. Rc1 Rfc8 15. b4 Ne7 16. Nc5 b6 17. Ba6 Rc7 18. Ke2 Rb8 19. Bd3 bxc5 20. bxc5 Bxc5 21. Rxc5 Rxc5 22. dxc5 Rxb2 23. Ra1 Nc6 24. Ra6 Ne5 25. c6 Ne8 26. f4 Nc4 27. Bxc4 dxc4 28. Rxa7 Rb8 29. Ba5 Kf8 30. Rd7 Nf6 31. Bb4+ Kg8 32. Rb7 Rc8 33. c7 Nd7 34. Bd6 1-0

[Event "Belt and Road Shanxi 5th"]
[Site "Xian"]
[Date "2024.07.22"]
[Round "9"]
[White "Tan, Zhongyi"]
[Black "Zhu, Jiner"]
[Result "1/2-1/2"]
[WhiteElo "2510"]
[BlackElo "2440"]
[PlyCount "96"]
[EventDate "2024.07.17"]
[EventType "swiss"]
[EventRounds "9"]
[EventCountry "CHN"]
[SourceTitle "CBM 221 Extra"]
[Source "ChessBase"]
[SourceDate "2024.09.30"]
[SourceVersion "1"]
[SourceVersionDate "2024.09.30"]
[SourceQuality "1"]

1. e4 c5 2. Nf3 Nc6 3. d4 cxd4 4. Nxd4 Nf6 5. Nc3 e5 6. Ndb5 d6 7. Nd5 Nxd5 8. exd5 Nb8 9. a4 Nd7 10. Be2 Be7 11. 0-0 0-0 12. b4 a6 13. Na3 b6 14. Nc4 a5 15. b5 f5 16. f4 Qc7 17. Ra3 Bb7 18. Re3 Rad8 19. Ba3 e4 20. Rg3 Nc5 21. Bb2 Bf6 22. Bxf6 Rxf6 23. Qd4 Rdf8 24. Ra3 Kh8 25. h4 h6 26. Kf2 Rc8 27. Ke1 Nd7 28. Ne3 Qc5 29. Qxc5 Rxc5 30. c4 Rc7 31. Kd2 Nc5 32. Nc2 Bc8 33. Nd4 g6 34. Bd1 Rg7 35. Rg3 Rf8 36. Bc2 Kg8 37. Ke3 Kf7 38. Rh1 Kf6 39. Nc6 Bd7 40. Kd4 Re8 41. Rh2 Rgg8 42. Rh1 Rg7 43. Rh2 Reg8 44. Rh1 Kf7 45. Bd1 Nd3 46. Rf1 Nc5 47. Rh1 Nd3 48. Rf1 Nc5 1/2-1/2

[Event "Belt and Road Shanxi 5th"]
[Site "Xian"]
[Date "2024.07.21"]
[Round "8"]
[White "Goryachkina, Aleksandra"]
[Black "Tan, Zhongyi"]
[Result "1/2-1/2"]
[WhiteElo "2478"]
[BlackElo "2510"]
[PlyCount "76"]
[EventDate "2024.07.17"]
[EventType "swiss"]
[EventRounds "9"]
[EventCountry "CHN"]
[SourceTitle "CBM 221 Extra"]
[Source "ChessBase"]
[SourceDate "2024.09.30"]
[SourceVersion "1"]
[SourceVersionDate "2024.09.30"]
[SourceQuality "1"]

1. d4 d5 2. c4 e6 3. Nf3 a6 4. Bg5 Be7 5. Bxe7 Qxe7 6. Nbd2 Nf6 7. g3 0-0 8. Bg2 b6 9. 0-0 c5 10. Ne5 Nbd7 11. Rc1 a5 12. h3 Bb7 13. Nxd7 Nxd7 14. cxd5 Bxd5 15. dxc5 Bxg2 16. Kxg2 Nxc5 17. Qc2 Rac8 18. Nf3 Rfd8 19. Rfd1 Qb7 20. Rxd8+ Rxd8 21. Rd1 Rd5 22. Rxd5 Qxd5 23. b3 f6 24. Qd2 Qc6 25. Kh2 e5 26. Qd8+ Kf7 27. Nd2 Ne6 28. Qd3 h6 29. Qc4 Qc5 30. Ne4 Qxc4 31. Nd6+ Ke7 32. Nxc4 b5 33. Nxa5 Kd6 34. a4 bxa4 35. bxa4 Kc5 36. Nb7+ Kc6 37. Na5+ Kc5 38. Nb7+ Kc6 1/2-1/2

[Event "Belt and Road Shanxi 5th"]
[Site "Xian"]
[Date "2024.07.20"]
[Round "6"]
[White "Tan, Zhongyi"]
[Black "Ju, Wenjun"]
[Result "1/2-1/2"]
[WhiteElo "2510"]
[BlackElo "2550"]
[PlyCount "209"]
[EventDate "2024.07.17"]
[EventType "swiss"]
[EventRounds "9"]
[EventCountry "CHN"]
[SourceTitle "CBM 221 Extra"]
[Source "ChessBase"]
[SourceDate "2024.09.30"]
[SourceVersion "1"]
[SourceVersionDate "2024.09.30"]
[SourceQuality "1"]

1. d4 Nf6 2. c4 e6 3. Nc3 Bb4 4. Qc2 d5 5. a3 Bxc3+ 6. Qxc3 0-0 7. Bg5 c5 8. dxc5 d4 9. Qc2 e5 10. e4 a5 11. Rd1 Na6 12. f4 h6 13. Bxf6 Qxf6 14. fxe5 Qxe5 15. Nf3 Qxc5 16. Qf2 Rd8 17. Rxd4 Bg4 18. Be2 Bxf3 19. Rxd8+ Rxd8 20. Qxc5 Nxc5 21. gxf3 a4 22. Rf1 g5 23. Rf2 Kg7 24. Bf1 Nb3 25. Rc2 b6 26. Be2 Kf6 27. Kf2 Ke5 28. Ke3 f5 29. exf5 Nd4 30. Rc3 Nxf5+ 31. Kf2 Rd2 32. c5 bxc5 33. Rxc5+ Kf4 34. Ke1 Rxb2 35. Rc4+ Ke5 36. Re4+ Kd5 37. Rxa4 Nd4 38. Ra5+ Kd6 39. Bd1 Rxh2 40. a4 Nc6 41. Rf5 Nd4 42. Ra5 Kc6 43. Re5 Ra2 44. Ra5 Rh2 45. Re5 Kd6 46. Ra5 Ne6 47. Rb5 Nf4 48. Bb3 Nd3+ 49. Kd1 Nc5 50. Bc2 h5 51. a5 h4 52. Rb6+ Ke5 53. a6 Rh1+ 54. Kd2 Ra1 55. Rg6 Ne6 56. Bb3 Nd4 57. Rxg5+ Kf6 58. Rh5 Nxb3+ 59. Kc3 Kg6 60. Rxh4 Nc5 61. Rc4 Nxa6 62. Rc6+ Kf5 63. Kc4 Rc1+ 64. Kb5 Nc7+ 65. Kb6 Nd5+ 66. Kb5 Rd1 67. Kc5 Ne3 68. Rh6 Kf4 69. Rf6+ Nf5 70. Rf8 Rd3 71. Rf7 Rxf3 72. Rf8 Rd3 73. Kc4 Rd7 74. Kc5 Ke5 75. Re8+ Ne7 76. Kc4 Rc7+ 77. Kd3 Kd6 78. Kd4 Nc6+ 79. Ke4 Rh7 80. Rg8 Rh4+ 81. Kd3 Kd5 82. Ke3 Re4+ 83. Kf2 Nd4 84. Rd8+ Kc4 85. Ra8 Kd3 86. Ra3+ Kd2 87. Ra2+ Nc2 88. Kf3 Rd4 89. Rb2 Kc3 90. Rb8 Na3 91. Rf8 Nc4 92. Rf4 Rd5 93. Rf8 Kd3 94. Kf4 Ne3 95. Rf7 Kd4 96. Rf8 Rh5 97. Rd8+ Nd5+ 98. Kf3 Rf5+ 99. Ke2 Rf7 100. Rd6 Ke5 101. Rd8 Rh7 102. Kd3 Rh4 103. Re8+ Kd6 104. Rd8+ Ke5 105. Re8+ 1/2-1/2

[Event "Belt and Road Shanxi 5th"]
[Site "Xian"]
[Date "2024.07.20"]
[Round "5"]
[White "Tsolakidou, Stavroula"]
[Black "Tan, Zhongyi"]
[Result "0-1"]
[WhiteElo "2337"]
[BlackElo "2510"]
[PlyCount "122"]
[EventDate "2024.07.17"]
[EventType "swiss"]
[EventRounds "9"]
[EventCountry "CHN"]
[SourceTitle "CBM 221 Extra"]
[Source "ChessBase"]
[SourceDate "2024.09.30"]
[SourceVersion "1"]
[SourceVersionDate "2024.09.30"]
[SourceQuality "1"]

1. e4 e6 2. d4 d5 3. e5 c5 4. c3 Nc6 5. Nf3 Qb6 6. Bd3 cxd4 7. 0-0 Bd7 8. Re1 Nh6 9. h3 Rc8 10. Nbd2 Bc5 11. Qe2 dxc3 12. bxc3 Nf5 13. Nb3 Be7 14. Rb1 0-0 15. Bf4 Qd8 16. Qd2 Nh4 17. Nxh4 Bxh4 18. Nc5 Na5 19. Nxb7 Nxb7 20. Rxb7 Rc7 21. Reb1 Bc6 22. Rxc7 Qxc7 23. Bg5 Bxg5 24. Qxg5 h6 25. Qe3 Rc8 26. Rb4 Be8 27. Ba6 Rd8 28. Rg4 Kf8 29. Qg3 g5 30. h4 f5 31. exf6 Qxg3 32. Rxg3 gxh4 33. Rg4 Rd6 34. Bd3 e5 35. Rxh4 Rxf6 36. Bc2 Ke7 37. Bb3 Bc6 38. Rb4 Kd6 39. Ba4 Kc5 40. Bxc6 Rxc6 41. Ra4 Kb5 42. Rb4+ Ka5 43. Rb3 Ka4 44. Rb4+ Ka5 45. Rb3 Ka4 46. Rb4+ Ka3 47. Rb5 Rd6 48. Ra5+ Kb2 49. Rxa7 Kxc3 50. Kf1 Rb6 51. Ke2 Rb2+ 52. Kf3 d4 53. Rc7+ Kd3 54. Re7 Re2 55. a4 e4+ 56. Kg3 Ra2 57. Re6 Rxa4 58. Rxh6 Ke2 59. Re6 d3 60. f4 d2 61. Rd6 Ra3+ 0-1

[Event "Belt and Road Shanxi 5th"]
[Site "Xian"]
[Date "2024.07.18"]
[Round "4"]
[White "Shuvalova, Polina"]
[Black "Tan, Zhongyi"]
[Result "0-1"]
[WhiteElo "2352"]
[BlackElo "2510"]
[PlyCount "84"]
[EventDate "2024.07.17"]
[EventType "swiss"]
[EventRounds "9"]
[EventCountry "CHN"]
[SourceTitle "CBM 221 Extra"]
[Source "ChessBase"]
[SourceDate "2024.09.30"]
[SourceVersion "1"]
[SourceVersionDate "2024.09.30"]
[SourceQuality "1"]

1. e4 e5 2. Nf3 Nc6 3. Nc3 Nf6 4. Bb5 Bb4 5. 0-0 0-0 6. d3 Bxc3 7. bxc3 d6 8. Re1 Ne7 9. d4 Ng6 10. dxe5 Ng4 11. exd6 cxd6 12. h3 Qa5 13. a4 N4e5 14. Ba3 Rd8 15. Bb4 Qc7 16. a5 Be6 17. Nd4 d5 18. Nxe6 fxe6 19. Qe2 a6 20. Ba4 Nf4 21. Qe3 Nc4 22. Qg3 Nd2 23. exd5 Rxd5 24. Bb3 Rg5 25. Bxe6+ Nxe6 26. Qe3 Nf4 27. g3 Nc4 28. Qf3 Ng6 29. Re2 Qc6 30. Qxc6 bxc6 31. Re4 Nd2 32. Re2 Rd8 33. Kh1 c5 34. Ba3 Nc4 35. h4 Rgd5 36. Kg2 Kf7 37. Re4 Nge5 38. Bc1 Rd1 39. f4 Ng4 40. Kf3 Nd2+ 41. Bxd2 Rxa1 42. Re2 h5 0-1

[Event "Belt and Road Shanxi 5th"]
[Site "Xian"]
[Date "2024.07.18"]
[Round "3"]
[White "Tan, Zhongyi"]
[Black "Ambartsumova, Karina"]
[Result "1-0"]
[WhiteElo "2510"]
[BlackElo "2308"]
[PlyCount "91"]
[EventDate "2024.07.17"]
[EventType "swiss"]
[EventRounds "9"]
[EventCountry "CHN"]
[SourceTitle "CBM 221 Extra"]
[Source "ChessBase"]
[SourceDate "2024.09.30"]
[SourceVersion "1"]
[SourceVersionDate "2024.09.30"]
[SourceQuality "1"]

1. c4 e6 2. Nf3 Nf6 3. g3 d5 4. Bg2 dxc4 5. 0-0 c6 6. a4 a5 7. Na3 Nbd7 8. Nxc4 Nb6 9. b3 Be7 10. Bb2 0-0 11. d4 Nbd5 12. Rc1 Bd7 13. Qc2 Rc8 14. Nce5 Be8 15. Rfd1 Nb4 16. Qb1 b5 17. e4 bxa4 18. bxa4 Rb8 19. Nc4 Bd7 20. Nfe5 Bc8 21. Qa1 Ba6 22. Bc3 Rc8 23. Ne3 Qb6 24. N5c4 Bxc4 25. Nxc4 Qa6 26. Nd2 c5 27. d5 exd5 28. exd5 Rfd8 29. Nf1 Nd3 30. Rb1 c4 31. Ne3 Bc5 32. Rb5 Bxe3 33. fxe3 Re8 34. Rf1 Ng4 35. Bxg7 Qg6 36. Bd4 Nxe3 37. Bxe3 Rxe3 38. Qd4 Re1 39. d6 Rd8 40. d7 Rxf1+ 41. Bxf1 Nb4 42. Re5 f6 43. Bxc4+ Kf8 44. Qd6+ Kg7 45. Qe7+ Kh6 46. Qxd8 1-0

[Event "Belt and Road Shanxi 5th"]
[Site "Xian"]
[Date "2024.07.17"]
[Round "2"]
[White "Song, Yuxin"]
[Black "Tan, Zhongyi"]
[Result "1/2-1/2"]
[WhiteElo "2272"]
[BlackElo "2510"]
[PlyCount "64"]
[EventDate "2024.07.17"]
[EventType "swiss"]
[EventRounds "9"]
[EventCountry "CHN"]
[SourceTitle "CBM 221 Extra"]
[Source "ChessBase"]
[SourceDate "2024.09.30"]
[SourceVersion "1"]
[SourceVersionDate "2024.09.30"]
[SourceQuality "1"]

1. e4 c5 2. Nf3 g6 3. d4 cxd4 4. Nxd4 Nc6 5. c4 Nf6 6. Nc3 Nxd4 7. Qxd4 d6 8. Bg5 Bg7 9. Be2 0-0 10. Qe3 Be6 11. 0-0 Qa5 12. Rfc1 a6 13. Rab1 Rfc8 14. b4 Qd8 15. Nd5 Bxd5 16. exd5 b5 17. h3 bxc4 18. Bxc4 Qd7 19. Qd3 Qb7 20. Re1 Rc7 21. a4 Nd7 22. Rxe7 Bf8 23. Re4 Ne5 24. Rxe5 dxe5 25. d6 Rxc4 26. Qxc4 Bxd6 27. b5 axb5 28. axb5 Rc8 29. Qd3 Bc5 30. Be3 Bd4 31. Bxd4 Rd8 32. Rb4 exd4 1/2-1/2

[Event "Belt and Road Shanxi 5th"]
[Site "Xian"]
[Date "2024.07.17"]
[Round "1"]
[White "Tan, Zhongyi"]
[Black "Garifullina, Leya"]
[Result "1/2-1/2"]
[WhiteElo "2510"]
[BlackElo "2325"]
[PlyCount "98"]
[EventDate "2024.07.17"]
[EventType "swiss"]
[EventRounds "9"]
[EventCountry "CHN"]
[SourceTitle "CBM 221 Extra"]
[Source "ChessBase"]
[SourceDate "2024.09.30"]
[SourceVersion "1"]
[SourceVersionDate "2024.09.30"]
[SourceQuality "1"]

1. d4 Nf6 2. c4 e6 3. Nf3 d5 4. Nc3 Bb4 5. Qa4+ Nc6 6. e3 0-0 7. Qc2 Re8 8. Bd2 Bf8 9. Be2 Nb4 10. Qb1 dxc4 11. Bxc4 b6 12. 0-0 Ba6 13. Bxa6 Nxa6 14. Qd3 Nb4 15. Qe2 c5 16. dxc5 Bxc5 17. Rfd1 Qd3 18. a3 Qxe2 19. Nxe2 Nbd5 20. b4 Be7 21. Nfd4 Ne4 22. Be1 Bf6 23. Rac1 h6 24. f3 Nd6 25. Nc6 Bb2 26. Rb1 Nc4 27. e4 Ne7 28. Ncd4 Bxd4+ 29. Nxd4 Nxa3 30. Ra1 Nc4 31. Nb5 Red8 32. Rdc1 Ne5 33. Rc7 N7g6 34. Nxa7 Nf4 35. Kf1 Rd3 36. Rc8+ Rxc8 37. Nxc8 Nc4 38. Bf2 b5 39. Na7 Rd2 40. Nxb5 Nd3 41. Bc5 Nxc5 42. bxc5 Ne3+ 43. Ke1 Rc2 44. Ra8+ Kh7 45. Rc8 Nxg2+ 46. Kd1 Ne3+ 47. Ke1 Ng2+ 48. Kd1 Ne3+ 49. Ke1 Ng2+ 1/2-1/2